| 000 | 00943nam a2200217 i 4500 | ||
|---|---|---|---|
| 001 | 68369 | ||
| 003 | ES-MaACL | ||
| 005 | 20250827063211.0 | ||
| 007 | t| | ||
| 008 | 960801s1894 sp |||| | spa d | ||
| 100 | 1 |
_aGarcía de Castro, Clemente _954411 |
|
| 245 | 1 | 0 |
_aAteneo de Cádiz _b: sesión inaugural del curso de 1894 a 1895 : discursos leídos en el acto solemne de la misma, verificado el día 29 de octubre de 1894 / _cpor Clemente García de Castro y Cayetano del Toro y Quartiellers. |
| 260 |
_aCádiz : _b[s.n., _c1894] ( _fTip. Gaditana) |
||
| 300 |
_aX, 40 p. ; _c21 cm. |
||
| 500 | _aTema del discurso de Cayetano del Toro y Quartiellers: Del hipnotismo, sus fenómenos y sus leyes. | ||
| 650 | 0 | 4 |
_aHipnosis. _913363 |
| 700 | 1 |
_aToro y Quartiellers, Cayetano de. _9110693 |
|
| 710 | 2 |
_aAteneo Literario, Artístico y Científico de Cádiz. _9148715 |
|
| 852 |
_aES-MaACL _jT-871-F-5 |
||
| 999 |
_c68369 _d68369 |
||